| 000 | 00496nam a2200193 a 4500 | ||
|---|---|---|---|
| 005 | 20140414093849.0 | ||
| 008 | 110920s19uu xx uuu eng d | ||
| 050 |
_aCD 540 _bC593 2009 |
||
| 100 | _aClark, Jim | ||
| 245 |
_aEdexcel IGCSE Chemistry: _bActiveBook CD-ROM / _cJim Clark. |
||
| 260 |
_aEngland : _bPearson education Limited, _c2009. |
||
| 650 | _aChemistry | ||
| 942 | _cAVM | ||
| 999 |
_c109796 _d109796 |
||